Alimentos Picture Quiz (Espanol) - Statistics

General Stats
  • This quiz has been taken 144 times
  • The average score is 5 of 9
Answer Stats
Picture Answer % Correct
Chocolate
94%
Manzana
87%
Naranja
83%
Huevo
77%
Pastel
63%
Lasana
39%
Dulces
36%
Pie
17%
Espaguetis
14%
No matching quizzes found
Score Distribution
Percent of People with Each Score
Percentile by Number Answered
Your Score History
You have not taken this quiz